Teleworking a telecommuting nové formy zamestnania

Flexibilné formy zamestnanosti. Špecifiká teleworkingu. Coworking - kancelária 21. storočia.

Salvato in:
Dettagli Bibliografici
Autore principale: Hrašková, Dagmar
Natura: Capitolo di libro
Lingua:slovacco
Soggetti:
Tags: Aggiungi Tag
Nessun Tag, puoi essere il primo ad aggiungerne!!

MARC

LEADER 00000naa a2200000 4500
001 0210043
005 20231120130637.2
041 0 |a slo 
044 |a SK 
245 1 0 |a Teleworking a telecommuting nové formy zamestnania  |c Dagmar Hrašková 
520 |a Flexibilné formy zamestnanosti. Špecifiká teleworkingu. Coworking - kancelária 21. storočia. 
610 2 0 |a práca flexibilná 
610 2 0 |a technológie informačné 
610 2 0 |a technológie komunikačné 
610 2 0 |a zamestnanie 
100 1 |a Hrašková, Dagmar